000 00589cam a22001811 4500
001 000000945
005 20200929145441.0
008 711206s1965 nyuabe 000 0 eng
040 _aDO-SdBNP
_bspa
_cBNPHU
082 _a647.94
_bxxx
100 1 _aAbraben, E.
_93318
245 1 0 _aResort hotels :
_bplanning and management /
_c[by] E. Abraben.
260 _aNew York, :
_bReinhold Pub. Co.,
_c[1965].
300 _aviii, 98 p. :
_billustrations, maps, plans, ;
_c22 x 27 cm.
650 0 _aHotels
_93319
650 0 _aArchitecture
_vDesigns and plans.
_93320
910 _aCatalogación por copia/Lc
999 _c934
_d934